000 00782nam a22001937a 4500
008 110412s2009 enk|||||r|||| 001 0 eng d
020 _a1856176088
020 _a9781856176088
082 _222
_a620.11
_bASH
100 _94811
_aAshby, Michael F.
245 _aMaterials and the Environment :
_bEco-Informed Material Choice /
_cMichael F. Ashby
260 _aOxford:
_bButterworth-Heinemann/Elsevier, c2009.
_c2009
300 _axi, 385 p. :
_bill. ;
_c24 cm.
504 _aIncludes bibliographical references and index.
650 _923000
_aMaterials
_xEnvironmental aspects
653 _bMec
_cApril2011
942 _2ddc
_cBB
999 _c15099
_d15099